Logical design of digital systems /
Guardado en:
| Autor Principal: | |
|---|---|
| Formato: | Libro |
| Idioma: | English |
| Publicado: |
[Woodland Hills, Calif.] :
Computer Science Press,
c1975.
|
| Materias: | |
| Etiquetas: |
Agregar Etiqueta
Sin Etiquetas, Sea el primero en etiquetar este registro!
|
| LEADER | 00784cam a22002295a 4500 | ||
|---|---|---|---|
| 001 | EIQ.libpla001226 | ||
| 008 | 740819s1975####caua#####b####001#0#eng#d | ||
| 005 | 20060823160706.0 | ||
| 245 | 1 | 0 | |a Logical design of digital systems / |c [by] Arthur D. Friedman. |
| 260 | |a [Woodland Hills, Calif.] : |b Computer Science Press, |c c1975. | ||
| 300 | |a x, 278 p. : |b il. ; |c 24 cm. | ||
| 504 | |a Incluye referencias bibliográficas e índice. | ||
| 020 | |a 0914894501 | ||
| 100 | 1 | |a Friedman, Arthur D. | |
| 082 | 0 | 0 | |a 621.3819/58/2 |
| 650 | 4 | |a Electrónica |x Diseño lógico. | |
| 650 | 4 | |a Computadores |x Circuitos. | |
| 650 | 4 | |a Electronic |x Logic design | |
| 650 | 0 | |a Computers |x Circuits. | |
| 010 | |a 74082932 | ||
| 040 | |a DLC |c DLC |d AR-BbSID | ||
| 859 | |a AR-BbSID |b BIB. PLAPIQUI |h 621.381 9 |i F 874 |p 2415 | ||
